LEADER 01123nam2-2200385---450- 001 990001537480203316 005 20050511114517.0 035 $a000153748 035 $aUSA01000153748 035 $a(ALEPH)000153748USA01 035 $a000153748 100 $a20040326d1980----km-y0itay0103----ba 101 0 $aeng 102 $aUS 105 $a||||||||001yy 200 1 $a<> : Guide to the east slavonic languages$fReginald George Arthur De Bray 205 $a3. ed. 210 $aColumbus$cSlavica Publishers$d1980 215 $a254 p.$d23 cm 410 0$12001 454 1$12001 461 1$1001000153743$12001 606 0 $aLingue slave-germaniche 676 $a491 700 1$aDE BRAY,$bReginald George Arthur$0560189 801 0$aIT$bsalbc$gISBD 912 $a990001537480203316 951 $aVIII.2.D. 20/3(XII F 22 3)$b2394 L.M.$cXII F 959 $aBK 969 $aUMA 979 $aSIAV3$b10$c20040326$lUSA01$h0948 979 $aPATRY$b90$c20040406$lUSA01$h1747 979 $aCOPAT3$b90$c20050511$lUSA01$h1145 996 $aGuide to the east slavonic languages$9940200 997 $aUNISA